Homage to Alexandre Preissmann / (Record no. 3929)
[ view plain ]
| 000 -LEADER | |
|---|---|
| fixed length control field | 01221nac a22002771u 4500 |
| 008 - FIXED-LENGTH DATA ELEMENTS--GENERAL INFORMATION | |
| fixed length control field | 100914t xxu||||| |||| 00| 0 eng d |
| 010 ## - LIBRARY OF CONGRESS CONTROL NUMBER | |
| LC control number | 81002327 |
| 020 ## - INTERNATIONAL STANDARD BOOK NUMBER | |
| International Standard Book Number | 0273085123 |
| 082 00 - DEWEY DECIMAL CLASSIFICATION NUMBER | |
| Classification number | 627.0724 |
| Item number | HOM |
| 100 ## - MAIN ENTRY--PERSONAL NAME | |
| Personal name | Abbott, M.B.[editor] |
| 9 (RLIN) | 18993 |
| 245 00 - TITLE STATEMENT | |
| Title | Homage to Alexandre Preissmann / |
| Statement of responsibility, etc | Edited by M.B. Abbott and J.A. Cunge ; contributors, M.B. Abbott ... [et al.]. |
| 260 ## - PUBLICATION, DISTRIBUTION, ETC. (IMPRINT) | |
| Place of publication, distribution, etc | Boston : |
| Name of publisher, distributor, etc | Pitman, |
| Date of publication, distribution, etc | c1982. |
| 300 ## - PHYSICAL DESCRIPTION | |
| Extent | ix, 262 p. : |
| Other physical details | ill. ; |
| Dimensions | 24 cm. |
| 490 ## - Series Statement | |
| -- | 18991 |
| Series statement | Engineering applications of computational hydraulics; |
| -- | v. 1 |
| 490 ## - Series Statement | |
| -- | 18991 |
| Series statement | [Monographs and surveys in water resources engineering] ; |
| -- | 5 |
| 500 ## - GENERAL NOTE | |
| General note | "Pitman advanced publishing program." |
| 504 ## - BIBLIOGRAPHY, ETC. NOTE | |
| Bibliography, etc | Includes bibliographies. |
| 600 10 - SUBJECT ADDED ENTRY--PERSONAL NAME | |
| Personal name | Preissmann, Alexandre, |
| Dates associated with a name | 1916- |
| 9 (RLIN) | 18994 |
| 650 #0 - SUBJECT ADDED ENTRY--TOPICAL TERM | |
| Topical term or geographic name as entry element | Hydraulics |
| General subdivision | Mathematical models. |
| 9 (RLIN) | 18995 |
| 650 #0 - SUBJECT ADDED ENTRY--TOPICAL TERM | |
| Topical term or geographic name as entry element | Hydraulics |
| General subdivision | Data processing. |
| 9 (RLIN) | 18996 |
| 700 1# - ADDED ENTRY--PERSONAL NAME | |
| Personal name | Preissmann, Alexandre, |
| Dates associated with a name | 1916- |
| 9 (RLIN) | 18997 |
| 700 1# - ADDED ENTRY--PERSONAL NAME | |
| Personal name | Abbott, Michael B. |
| 9 (RLIN) | 18998 |
| 700 1# - ADDED ENTRY--PERSONAL NAME | |
| Personal name | Cunge, J. A. |
| 9 (RLIN) | 18999 |
| 942 ## - ADDED ENTRY ELEMENTS (KOHA) | |
| Item type | Book - Borrowing |
| Call number prefix | 627.0724HOM |
| Source of classification or shelving scheme | Dewey Decimal Classification |
| Withdrawn status | Item status | Source of classification or shelving scheme | Damaged status | Not for loan | Vendor | Home library | Current library | Shelving location | Date acquired | Source of acquisition | Total Checkouts | Full call number | Barcode | Date last seen | Koha item type |
|---|---|---|---|---|---|---|---|---|---|---|---|---|---|---|---|
| Dewey Decimal Classification | Central Library | Central Library | First floor | 14/09/2010 | 627.0724 HOM | 000005004 | 15/07/2025 | Book - Borrowing |